[Event "BI-2014-P-0010"]
[Site "LSS email"]
[Date "2014.04.19"]
[Round "?"]
[White "Hoehne, Volkmar"]
[Black "Santistevan, Ovidio"]
[Result "1/2-1/2"]
[WhiteElo "1832"]
[BlackElo "2166"]
[PlyCount "82"]
[EventDate "2014.04.25"]
[EventType "tourn (corr)"]
[EventRounds "10"]
[EventCountry "GER"]
[SourceTitle "Corr 2015"]
[Source "ChessBase"]
[SourceDate "2015.07.17"]
[SourceVersion "1"]
[SourceVersionDate "2015.07.17"]
[SourceQuality "1"]

1. e4 e5 2. Nf3 Nc6 3. Bb5 a6 4. Ba4 Nf6 5. 0-0 Be7 6. Re1 b5 7. Bb3 d6 8. c3 0-0 9. h3 Na5 10. Bc2 c5 11. d4 Qc7 12. d5 Nd7 13. b3 Nb6 14. Nbd2 Bd7 15. Nf1 c4 16. Ba3 Bf6 17. Ne3 Nb7 18. Qe2 cxb3 19. axb3 Qxc3 20. Rec1 Qc8 21. Bd3 Qe8 22. Ra2 Bd8 23. Nf5 Bxf5 24. exf5 Qd7 25. Be4 f6 26. Rc6 Nc8 27. b4 Bb6 28. Bc1 Nd8 29. Rcc2 Ne7 30. Qd3 Nf7 31. Bd2 Qa7 32. Be1 Rfc8 33. Ra3 Rxc2 34. Qxc2 Qb7 35. Qd3 Rc8 36. Bc3 Qa7 37. Ra2 Rc4 38. Kf1 g6 39. g4 Kg7 40. Kg2 Qb7 41. Nd2 Rc7 1/2-1/2

[Event "WC-2013-Q-00007"]
[Site "LSS email"]
[Date "2013.10.22"]
[Round "?"]
[White "Santistevan, Ovidio"]
[Black "Pascual Perez, Norge"]
[Result "1-0"]
[WhiteElo "2212"]
[BlackElo "2400"]
[PlyCount "103"]
[EventDate "2013.10.27"]
[EventType "tourn (corr)"]
[EventRounds "12"]
[EventCountry "GER"]
[SourceTitle "Corr 2022"]
[Source "ChessBase"]
[SourceDate "2021.10.24"]
[SourceVersion "1"]
[SourceVersionDate "2021.10.24"]
[SourceQuality "1"]

1. e4 c5 2. Nf3 Nc6 3. d4 cxd4 4. Nxd4 Nf6 5. Nc3 d6 6. Bg5 e6 7. Qd2 a6 8. 0-0-0 Bd7 9. f4 Qc7 10. Be2 Be7 11. Nb3 b5 12. a3 Rb8 13. Kb1 b4 14. axb4 Rxb4 15. Bxf6 gxf6 16. Rhe1 Qb7 17. Na2 Rb6 18. Qc3 0-0 19. Rd3 Kh8 20. Rg3 Qa7 21. Qf3 Rbb8 22. Qh5 Rg8 23. Nc3 Rg7 24. Rd1 Rbg8 25. Rxg7 Rxg7 26. Bc4 Rxg2 27. Qxf7 Qf2 28. Ne2 Rg7 29. Qh5 e5 30. Nbc1 a5 31. f5 Qc5 32. Be6 Rg5 33. Qf3 Bxe6 34. fxe6 Qc4 35. Nc3 Qxe6 36. N1e2 Rg8 37. Nd5 Bd8 38. Qc3 Ne7 39. Ng3 Nxd5 40. Rxd5 Qd7 41. Qc4 Rg4 42. Qb5 Rg7 43. Qa6 Bc7 44. b3 Rg8 45. Rb5 Qg4 46. Qc6 Qd1+ 47. Ka2 Bd8 48. Rb8 Qd4 49. Qd7 Qd2 50. Rc8 h5 51. Nf5 Qg2 52. h4 1-0

[Event "WC-2013-Q-00007"]
[Site "LSS email"]
[Date "2013.10.22"]
[Round "?"]
[White "Szabo, Vilmos"]
[Black "Santistevan, Ovidio"]
[Result "1/2-1/2"]
[WhiteElo "2480"]
[BlackElo "2212"]
[PlyCount "135"]
[EventDate "2013.10.27"]
[EventType "tourn (corr)"]
[EventRounds "12"]
[EventCountry "GER"]
[SourceTitle "Corr 2022"]
[Source "ChessBase"]
[SourceDate "2021.10.24"]
[SourceVersion "1"]
[SourceVersionDate "2021.10.24"]
[SourceQuality "1"]

1. d4 Nf6 2. c4 e6 3. Nf3 d5 4. Nc3 c6 5. Bg5 Nbd7 6. e3 Qa5 7. Nd2 Bb4 8. Qc2 0-0 9. Bh4 c5 10. dxc5 Bxc3 11. Qxc3 Qxc3 12. bxc3 Nxc5 13. Bxf6 gxf6 14. cxd5 exd5 15. Nb3 b6 16. Be2 Rb8 17. f3 Bd7 18. Kd2 Rfe8 19. Rhb1 Bf5 20. Bb5 Rec8 21. Nxc5 Rxc5 22. Rb4 Rbc8 23. Rc1 Be6 24. Bd3 Kg7 25. Rc2 Bd7 26. Rh4 h6 27. Rd4 b5 28. Rb4 a6 29. Rh4 a5 30. a3 R8c7 31. Rc1 Rc8 32. Bf1 Bf5 33. Be2 Be6 34. Rf4 Bd7 35. Bd3 Be6 36. Rd4 Bd7 37. Rc2 Kg8 38. Rc1 Kg7 39. Rc2 R8c7 40. Rf4 Rc8 41. g3 R8c7 42. Rc1 Rc8 43. Rd4 R8c7 44. Rc2 Rc8 45. Rc1 R8c7 46. Rf4 Rc8 47. Rh4 R8c6 48. Rc2 Rc8 49. Rc1 R8c6 50. Rc2 Rc8 51. Rd4 R8c7 52. h4 Rc8 53. g4 Kg8 54. Rf4 Kg7 55. Rc1 R5c7 56. Rd4 Rc5 57. h5 Kf8 58. Bh7 R8c6 59. Rf4 Ke7 60. Bb1 Rc7 61. Rd4 Rc8 62. Rf4 R8c6 63. Bh7 Rc8 64. Bd3 R8c7 65. Bh7 Rc8 66. Bd3 R8c7 67. Bb1 R7c6 68. Rd4 1/2-1/2

[Event "WC-2017-P-00008"]
[Site "LSS email"]
[Date "2013.02.27"]
[Round "?"]
[White "Zielinski, Sergej"]
[Black "Santistevan, Ovidio"]
[Result "1/2-1/2"]
[WhiteElo "2143"]
[BlackElo "2136"]
[PlyCount "98"]
[EventDate "2013.03.03"]
[EventType "tourn (corr)"]
[EventRounds "12"]
[EventCountry "GER"]
[SourceTitle "Telechess CBM 167"]
[Source "ChessBase"]
[SourceDate "2015.07.13"]
[SourceVersion "1"]
[SourceVersionDate "2015.07.13"]
[SourceQuality "1"]

1. c4 e5 2. Nc3 Nf6 3. Nf3 Nc6 4. g3 Bb4 5. Bg2 0-0 6. 0-0 e4 7. Ng5 Bxc3 8. bxc3 Re8 9. Qc2 Qe7 10. d3 exd3 11. exd3 d6 12. Nf3 h6 13. Be3 Bf5 14. Rab1 Rab8 15. Nd4 Nxd4 16. cxd4 Ng4 17. Bd2 Qf6 18. Qc3 Qg6 19. Rb3 b6 20. h3 Nf6 21. Be3 Re7 22. Qd2 Rbe8 23. Re1 c5 24. d5 h5 25. Kh1 Nd7 26. Qe2 Ne5 27. Rd1 f6 28. Ra3 Nf7 29. Kh2 Ne5 30. d4 cxd4 31. Rxd4 Rc7 32. Rh4 Qf7 33. Rd4 Rec8 34. Rc3 Qe8 35. Rf4 Bg6 36. Bf1 Qd7 37. a3 b5 38. c5 dxc5 39. Qxb5 Qxd5 40. Bc4 Nxc4 41. Qxc4 Bf7 42. Qxd5 Bxd5 43. Rf5 Rd7 44. Rxc5 Rxc5 45. Bxc5 Bc6 46. Bb4 Be4 47. Rf4 f5 48. h4 Rd3 49. f3 Rxf3 1/2-1/2

[Event "RM-2012-0-00106"]
[Site "LSS email"]
[Date "2012.11.10"]
[Round "?"]
[White "Sherwood, Russell"]
[Black "Santistevan, Ovidio"]
[Result "0-1"]
[WhiteElo "2169"]
[BlackElo "2135"]
[PlyCount "94"]
[EventDate "2012.07.20"]
[EventType "tourn (corr)"]
[EventRounds "6"]
[EventCountry "GER"]
[SourceTitle "Telechess CBM 159"]
[Source "ChessBase"]
[SourceDate "2014.03.17"]
[SourceVersion "1"]
[SourceVersionDate "2014.03.17"]
[SourceQuality "1"]

1. e4 e5 2. Nf3 Nc6 3. Bb5 a6 4. Ba4 Nf6 5. 0-0 Be7 6. Re1 b5 7. Bb3 0-0 8. h3 Bb7 9. d3 d6 10. a3 Na5 11. Ba2 c5 12. Nbd2 Bc8 13. c3 Nc6 14. Nf1 Be6 15. Bxe6 fxe6 16. b4 Nh5 17. N1h2 Rc8 18. Qb3 Qd7 19. Be3 Nf4 20. Bxf4 Rxf4 21. bxc5 dxc5 22. Red1 h5 23. Nf1 Rcf8 24. Ne3 Rxf3 25. gxf3 Bg5 26. Qa2 Rxf3 27. Nf5 Qf7 28. Qe2 Rf4 29. Ng3 Rh4 30. Qf1 Bh6 31. Ra2 Kh7 32. Rc2 Ne7 33. a4 bxa4 34. Ra2 Rf4 35. Rxa4 h4 36. Ne2 Rf6 37. Kg2 Rg6+ 38. Kh2 Qf3 39. Rxa6 c4 40. dxc4 Qxe4 41. c5 Qf3 42. Ra4 e4 43. Rdd4 Nf5 44. Rxe4 Ng3 45. Qg2 Qxg2+ 46. Kxg2 Nxe4+ 47. Kf1 Nd2+ 0-1

[Event "RM-2012-0-00106"]
[Site "LSS email"]
[Date "2012.08.31"]
[Round "?"]
[White "Benassi, Aspasio"]
[Black "Santistevan, Ovidio"]
[Result "0-1"]
[WhiteElo "2151"]
[BlackElo "2135"]
[PlyCount "116"]
[EventDate "2012.07.20"]
[EventType "tourn (corr)"]
[EventRounds "6"]
[EventCountry "GER"]
[SourceTitle "Telechess CBM 159"]
[Source "ChessBase"]
[SourceDate "2014.03.17"]
[SourceVersion "1"]
[SourceVersionDate "2014.03.17"]
[SourceQuality "1"]

1. b4 e5 2. Bb2 Bxb4 3. f4 Nh6 4. fxe5 Nc6 5. Nf3 Ng4 6. Nc3 0-0 7. e3 Ngxe5 8. Nd5 d6 9. Bd3 Ba5 10. 0-0 Nxd3 11. cxd3 Ne5 12. Nf4 Ng6 13. Nxg6 hxg6 14. Rc1 Qe7 15. Rf2 c5 16. Qa4 b6 17. Re1 g5 18. h3 Bd7 19. Qa3 Bb4 20. Qa6 f6 21. Bc3 Bxc3 22. dxc3 d5 23. c4 dxc4 24. Qxc4+ Be6 25. Qc3 Rad8 26. d4 cxd4 27. Nxd4 Rd5 28. e4 Re5 29. Qf3 Bd5 30. Rfe2 Qc5 31. exd5 Qxd4+ 32. Kh2 Rxd5 33. Re4 Qd3 34. R4e3 Qf5 35. Qe2 Rd7 36. Re8 Rdf7 37. Rd1 Qc5 38. Re6 g6 39. Rdd6 Kg7 40. Rc6 Qf5 41. Kg1 Rd7 42. a4 Rff7 43. Re8 Qb1+ 44. Kh2 Qb4 45. Rcc8 Rfe7 46. Rg8+ Kh6 47. Qg4 Qf4+ 48. Qxf4 gxf4 49. Rc6 Kg5 50. Rf8 Rf7 51. Rxf7 Rxf7 52. a5 Rb7 53. Kg1 f5 54. Kf2 bxa5 55. h4+ Kh5 56. Ra6 Rb3 57. Rxa5 Kxh4 58. Rxa7 g5 0-1

[Event "WC-2016-P-00013"]
[Site "LSS email"]
[Date "2012.02.12"]
[Round "?"]
[White "Rychkov, Sergej"]
[Black "Santistevan, Ovidio"]
[Result "1/2-1/2"]
[WhiteElo "2129"]
[BlackElo "2135"]
[PlyCount "69"]
[EventDate "2012.02.15"]
[EventType "tourn (corr)"]
[EventRounds "10"]
[EventCountry "GER"]
[SourceTitle "Telechess CBM 159"]
[Source "ChessBase"]
[SourceDate "2014.03.17"]
[SourceVersion "1"]
[SourceVersionDate "2014.03.17"]
[SourceQuality "1"]

1. d4 d5 2. c4 e6 3. Nf3 Nf6 4. g3 dxc4 5. Bg2 Nc6 6. Qa4 Bb4+ 7. Bd2 Nd5 8. Bxb4 Ndxb4 9. 0-0 Rb8 10. Na3 0-0 11. Qb5 b6 12. Qxc4 Ba6 13. Nb5 Qe8 14. Rfc1 Nd5 15. Qxc6 Qxc6 16. Rxc6 Bxb5 17. Rc2 Rfc8 18. b3 c5 19. dxc5 Nb4 20. Rd2 Rxc5 21. Nd4 Rd8 22. Rad1 Be8 23. f4 g6 24. a3 Nd5 25. Bxd5 Rcxd5 26. Nf3 Rxd2 27. Rxd2 Rc8 28. Kf2 Kf8 29. e4 Rc3 30. Nd4 Bc6 31. Nxc6 Rxc6 32. Rd7 Rc3 33. Rxa7 Rxb3 34. h4 b5 35. e5 1/2-1/2

[Event "OP-2011-0-01368"]
[Site "LSS email"]
[Date "2011.01.09"]
[Round "?"]
[White "Ballero, Andrea"]
[Black "Santistevan, Ovidio"]
[Result "1/2-1/2"]
[WhiteElo "1509"]
[BlackElo "1955"]
[PlyCount "65"]
[EventDate "2011.01.04"]
[EventType "tourn (corr)"]
[EventRounds "4"]
[EventCountry "GER"]
[SourceTitle "Telechess CBM 145"]
[Source "Chessbase"]
[SourceDate "2011.11.11"]
[SourceVersion "1"]
[SourceVersionDate "2011.11.11"]
[SourceQuality "1"]

1. e4 e5 2. Nf3 Nc6 3. Bb5 a6 4. Ba4 Nf6 5. 0-0 Be7 6. Re1 b5 7. Bb3 d6 8. c3 0-0 9. h3 Na5 10. Bc2 c5 11. d4 Qc7 12. Nbd2 cxd4 13. cxd4 Nc6 14. Nb3 a5 15. Be3 a4 16. Nbd2 Bd7 17. Rc1 Rac8 18. Bd3 Qb8 19. a3 exd4 20. Nxd4 Ne5 21. N2f3 Rxc1 22. Bxc1 Rc8 23. Nxe5 dxe5 24. Nf5 Bc5 25. Bg5 Qb6 26. Qf3 Bxf5 27. exf5 Bd4 28. Re2 Kh8 29. g3 b4 30. Bxf6 gxf6 31. Be4 Kg7 32. Qg4+ Kh6 33. Qh4+ 1/2-1/2

[Event "LSS No Engine Cup 11 Final"]
[Site "LSS email"]
[Date "2010.09.06"]
[Round "?"]
[White "Santistevan, Ovidio"]
[Black "Jenneborg, Seved"]
[Result "1/2-1/2"]
[WhiteElo "1920"]
[BlackElo "1716"]
[PlyCount "67"]
[EventDate "2010.09.07"]
[EventType "tourn (corr)"]
[EventRounds "6"]
[EventCountry "GER"]
[SourceTitle "Telechess CBM 143"]
[Source "ChessBase"]
[SourceDate "2011.07.15"]
[SourceVersion "1"]
[SourceVersionDate "2011.07.15"]
[SourceQuality "1"]

1. e4 c6 2. d4 d5 3. Nc3 dxe4 4. Nxe4 Nd7 5. Bc4 Ngf6 6. Nxf6+ Nxf6 7. Nf3 Bf5 8. 0-0 e6 9. c3 Be7 10. Re1 0-0 11. h3 Bd6 12. Bg5 h6 13. Bh4 g5 14. Bg3 Bxg3 15. fxg3 Qb6 16. Qe2 c5 17. g4 Be4 18. Qf2 cxd4 19. Nxd4 e5 20. Nf3 Qxf2+ 21. Kxf2 Rfe8 22. Rad1 Kg7 23. Re2 Rac8 24. Bb3 Rc5 25. Rd6 Bc6 26. Bc2 Ra5 27. a3 e4 28. Nd4 Bd7 29. Bb3 Re7 30. Ke3 Ne8 31. Rd5 Rxd5 32. Bxd5 Nd6 33. Rd2 Re5 34. Ba2 1/2-1/2